NEXT 5 Words (Musicals) Quiz Stats

 Plays Quiz Updated Jul 11, 2013

Also try: NEXT 5 Words
Challenge
Share
Tweet
Embed
Score 0/20 Timer 07:00
9 Plays Today
The line Next 5 words % Correct
I'm singing in the rainJust singing in the rain
93.3%
Zip-a-dee-doo-dah, zip-a-dee-ay - My ohMy what a wonderful day
84.8%
Oh, what a beautiful mornin'Oh, what a beautiful day
79.9%
Summer lovin' had me a blastSummer lovin' happened so fast
78.5%
I feel pretty Oh so pretty - I feelPretty and witty and bright
67.8%
Que Sera, SeraWhatever Will Be, Will Be
63%
It's just a jump to the left - And thenA step to the right
61.5%
SummertimeAnd the livin' is easy
48.9%
Have Yourself a Merry Little ChristmasLet your heart be light
48.5%
There's a place for usSomewhere a place for us
48.2%
The line Next 5 words % Correct
Edelweiss, edelweissEv'ry morning you greet me
47.8%
People, people who need people - Are theLuckiest people in the world
41.8%
I'm a Yankee Doodle DandyYankee Doodle do or die
38%
Come on babe - WhyDon't we paint the town
32.1%
What good is sitting alone in your room?Come hear the music play
31.5%
Baby, look at me, andTell me what you see
30.6%
Moon river, wider than a mileI'm crossing you in style
29.4%
Some enchanted eveningYou may see a stranger
24.5%
Have you seen the well-to-doUp and down Park Avenue
16.1%
In this life, one thing countsIn the bank, large amounts
12.1%

You're not logged in!

Compare scores with friends on all Sporcle quizzes.
Join for Free
OR
Log In

You Might Also Like...

Show Comments

Extras

Top Quizzes Today


Score Distribution

Your Account Isn't Verified!

In order to create a playlist on Sporcle, you need to verify the email address you used during registration. Go to your Sporcle Settings to finish the process.

Report this User

Report this user for behavior that violates our Community Guidelines.

Details: